000 00647nam a2200229 i 4500
001 C2-0145194
003 PPAK
005 20180727130625.0
008 980302s1995 enka|||| ||||| | eng d
020 _a0751352632
040 _aPPAK
_beng
_cPPAK
_erda
082 0 4 _a629.046
_223
090 0 0 _a629.046
_bSOM
_dR
100 1 _aSomerville, Louisa,
_eauthor
245 1 0 _aLook inside cross-sections rescue vehicles
264 1 _aLondon :
_bDorling Kindersley ,
_c1995
300 _a32 pages :
_bcolour illustrations ;
_c28 cm
336 _2rdacontent
_atext
337 _2rdamedia
_aunmediated
338 _2rdacarrier
_avolume
942 _ddc
_cB
999 _c45826
_d45826